| 000 | 00329nam a22001337a 4500 | ||
|---|---|---|---|
| 020 | _a0-261-66244-9 | ||
| 082 |
_a823 _bCAR/T |
||
| 100 | _aCAREY, M.V | ||
| 245 |
_aTHE THREE INVESTIGATORS _bTHE FLAMING FOOTPRINTS |
||
| 260 |
_aUNITED KINGDOM _bRANDOM HOUSE _c1972 |
||
| 300 | _a160 | ||
| 650 |
_aNOVEL _zUNITED KINGDOM |
||
| 942 | _cBK | ||
| 999 |
_c3000 _d3000 |
||